000 01156nam a22002537a 4500
005 20100526111940.0
008 100526t xxu||||| |||| 00| 0 hin d
010 _aHIN-89430
020 _a9788183613835
_c200.00
035 _aHN-61776
037 _bDBAD / PUB
040 _aDPL
_bHN
082 _a
100 _aमाधव, नीरजा
_917738
245 _aअवर्ण महिला कांस्टेबल की डायरी /
_cनीरजा माधव
246 _aAvarna mahila kanstebal ki dairy
_bby Neerja Madhav
260 _aनई दिल्ली
_bराधाकृष्ण प्रकाशन
_c2010
270 _a7/31, अंसारी रोड़, दरियागंज
_bनई दिल्ली
_e110002
300 _a136पृ
_c22सेमी (सजिल्द)
650 _aहिन्दी कथा साहित्य
_9657
650 _aHindi fiction
_917739
942 _2ddc
_cHN
_h
_mमाधव
999 _c36329
_d36329